Tablice rejestracyjne miast/powiatów w woj. dolnośląski - Statystyki

Ogólne statystyki
  • Ten quiz został rozwiązany 902 razy
  • Średni wynik to 28 z 30
Statystyki odpowiedzi
Miasto / powiat Rejestracja % Poprawnych
Legnica DL
100%
Wrocław DW
100%
Jelenia Góra DJ
99%
Wałbrzych DB
98%
powiat kłodzki DKL
95%
powiat legnicki DLE
95%
powiat lubiński DLU
95%
powiat oleśnicki DOL
95%
powiat wrocławski DWR
95%
powiat zgorzelecki DZG
95%
powiat bolesławiecki DBL
94%
powiat głogowski DGL
94%
powiat jaworski DJA
94%
powiat jeleniogórski DJE
94%
powiat świdnicki DSW
94%
powiat lwówecki DLW
93%
powiat milicki DMI
93%
powiat średzki DSR
93%
powiat strzeliński DST
93%
powiat trzebnicki DTR
93%
powiat wołowski DWL
93%
powiat dzierżoniowski DDZ
92%
powiat kamiennogórski DKA
92%
powiat polkowicki DPL
92%
powiat złotoryjski DZL
92%
powiat górowski DGR
91%
powiat lubański DLB
91%
powiat ząbkowicki DZA
91%
powiat oławski DOA
83%
powiat wałbrzyski DBA
73%
Nie znaleziono quizów pasujących do podanych kryteriów
Rozkład punktacji
Procent ludzi z każdym wynikiem
Percentyl według liczby udzielonych odpowiedzi
Twoja historia wyników
Nie rozwiązałeś tego quizu